Sistemas operativos

Guardado en:
Bibliografiske detaljer
Hovedforfatter: Stallings, William
Format: Bog
Udgivet: México :Editorial Limusa 1995
Fag:
Tags: Tilføj Tag
Ingen Tags, Vær først til at tagge denne postø!

MARC

LEADER 00000nam a2200000Ia 4500
003 000362
005 20221231144013.0
008 140114s1995 c a 000 ||s d
040 |c cru CEDI 
082 |a 005.43 S782s 
100 |a Stallings, William  |9 18305 
245 |a Sistemas operativos  
260 |a México :Editorial Limusa  |c 1995 
300 |a 846 hojas ;ilustraciones 
650 |x SISTEMAS OPERACIONALES (COMPUTADORA)  |9 18307 
942 |2 ddc  |c BK 
999 |c 15472  |d 15472